| 000 | 00000nam##2200000za#4500 |
| 001 | 9.700341 |
| 003 | CaOODSP |
| 005 | 20210927150515 |
| 007 | cr ||||||||||| |
| 008 | 150407|2010||||xxc|||||o f|0| 0 eng|d |
| 040 | |aCaOODSP|beng |
| 043 | |an-cn--- |
| 086 | 1 |aR5-36/2010E-PDF |
| 110 | 1 |aCanada. |bIndian and Northern Affairs Canada. |
| 245 | 10|aImpact evaluation of treaty commissions : |h[electronic resource]|bfinal report / |c[published by the] Evaluation, Performance Measurement, and Review Branch. |
| 260 | |aOttawa - Ontario : |bIndian and Northern Affairs |cFebruary 24, 2010. |
| 300 | |a32p.|btables |
| 590 | |a15-02-Supp|b2015-02-16 |
| 690 | 07|aAgreements|2gcpds |
| 775 | 08|tÉvaluation de l'incidence des commissions des traités : |w(CaOODSP)9.644237 |
| 856 | 40|ahttp://publications.gc.ca|qPDF|s143 KB|uhttps://publications.gc.ca/collections/collection_2015/aadnc-aandc/R5-36-2010-eng.pdf |
| 986 | |aProject Number : 08040 |